000 02244cam a22004094i 4500
003 PE-LiUPU
005 20250731183428.0
008 150706s r 000 0 d
020 _a9788475068893
035 _a(Sirsi) i9788475068893
040 _aPE-LiUPU
_bspa
_cPE-LiUPU
_erda
049 _aPRUA
082 0 4 _a711.4
_bCO5
_221
245 0 1 _aPost-it city :
_bciudades ocasionales /
_cMartí Peran.
264 1 _aBarcelona :
_bCentre de Cultura Contemporánea,
_c2008.
300 _a272 páginas :
_bilustraciones a color ;
_c26 centímetros
336 _atext
_2rdacontent
337 _aunmediated
_2rdamedia
338 _avolume
_2rdacarrier
505 0 _aCiudades ocasionales -- El último espacio público de la ciudad contemporánea -- Arquitectura Subversiva -- Los urbanismos transformativos o sobre cómo Walter Benjamín Desbarata el capital imperial paseando por ciudades ocupantes -- La ciudad en devenir: economías informales/espacios efímeros -- Zonas temporales. ¿Espacios alternativos o territorios de control socioespacial? -- Las comunidades en medio de las transformaciones urbanas -- Post-It City. ciudades ocasionales -- Perforaciones en la cuadrícula*Derivas sobre la ciudad de Santiago, Chile -- Gris público americano -- Y mientras, devenir entre -- Proyectos -- Post-It City occasional urbanities.
526 _aP158
526 _aP146
526 _aP17
526 _aP12
526 _aP06
541 _g003-001181;
650 0 4 _aCiudades
_xAspectes socials
_vExposiciones.
650 0 4 _aEspacios públicos
_xAspectes sociales
_vExposiciones.
650 0 4 _aVida urbana
_xAspectes sociales
_vExposiciones.
700 1 _aPeran, Martí,
_edir.
910 _agl
_bjv
_clch
_d20110525
942 _2ddc
_cBOOK
949 _a711.4 CO5
_wDEWEY
_c1
_i62919
_d2015-9-14
_e2015-9-13
_lCCODEBUL1
_mBUL
_n1
_p43.00
_r0
_sY
_tBOOK
_u2015-7-6
_xINGENIERIA
_PP06
_0COMPRA
_o.STAFF. Colección General
994 _aC0
_bPEPRU
596 _a1
999 _a711.4 CO5
_wDEWEY
_c51949
_i62919
_d51949
_e2015-9-13
_f2021-11-9
_g7
_lCCODEBUL1
_mBUL
_n1
_p43.00
_r0
_sY
_tBOOK
_u2015-7-6
_xINGENIERIA
_PP06
_0COMPRA
_o.STAFF. Colección General
980 _81
_gALBERTO SANCHEZ Responsable de Automatización